Measuring the success of learning through technology : a step by step guide for measuring impact and ROI on e-learning, blended learning and mobile learning
Αποθηκεύτηκε σε:
| Κύριοι συγγραφείς: | , , |
|---|---|
| Μορφή: | Βιβλίο |
| Γλώσσα: | English |
| Δημοσίευση: |
Alexandria VA :
American Society for Training and Development ; ROI Institute ;
2014.
|
| Θέματα: | |
| Ετικέτες: |
Προσθήκη ετικέτας
Δεν υπάρχουν, Καταχωρήστε ετικέτα πρώτοι!
|
MARC
| LEADER | 00000nam a2200000 a 4500 | ||
|---|---|---|---|
| 001 | 1/111584 | ||
| 008 | 160830s2014####us | ||| |||| ||eng|| | ||
| 020 | |a 9781562869502 | ||
| 040 | |a GR-MyUa |b gre |c GR-MyUa |e AACR2 | ||
| 041 | 0 | |a eng | |
| 082 | 7 | |a 658.3124 |2 (23) | |
| 100 | 1 | |a Elkeles, Tamar. | |
| 245 | 1 | 0 | |a Measuring the success of learning through technology : |b a step by step guide for measuring impact and ROI on e-learning, blended learning and mobile learning / |c Tamar Elkeles, Patricia Pulliam Phillips, Jack J. Phillips. |
| 260 | |a Alexandria VA : |b American Society for Training and Development ; |b ROI Institute ; |c 2014. | ||
| 300 | |a xi, 220 σ. : |b πίν. ; |c 26 εκ. | ||
| 504 | |a Περιλαμβάνει βιβλιογραφικές παραπομπές και ευρετήριο. | ||
| 650 | 0 | |a Distance education |x Computer-assisted instruction. | |
| 650 | 0 | |a Learning strategies. | |
| 650 | 0 | |a Employees |x Training of |x Computer-assisted instruction. | |
| 650 | 0 | |a Organizational learning. | |
| 650 | 0 | |a Knowledge management. | |
| 650 | 0 | |a Mobile communication systems. | |
| 700 | 1 | |a Phillips, Patricia Pulliam, |e aut | |
| 700 | 1 | |a Phillips, Jack J. |e aut | |
| 852 | |a INST |b RHODES |e 20160830 |h 658.3124 ELK |p 005400038676 |q 005400038676 |t BK |y 0 | ||
| 922 | |a 4ΕΛΗ |b 2016/05 |c ΤΑΚ/ΠΤΔΕ |d ΔΙΑΔΡΟΜΕΣ | ||
| 970 | |z 30-08-2016 | ||